L'Apostolo sofferente e il suo Signore (Record n. 98701)
[ formato base ]
| 000 -LEADER | |
|---|---|
| fixed length control field | 00580nam a22001577a 4500 |
| 003 - CONTROL NUMBER IDENTIFIER | |
| control field | IT-RoPau |
| 005 - DATE AND TIME OF LATEST TRANSACTION | |
| control field | 20220918181107.0 |
| 008 - FIXED-LENGTH DATA ELEMENTS--GENERAL INFORMATION | |
| fixed length control field | 130605b xxu||||| |||| 00| 0 eng d |
| 040 ## - CATALOGING SOURCE | |
| Transcribing agency | IT-RoPau |
| 100 ## - MAIN ENTRY--PERSONAL NAME | |
| Personal name | Castañeda, Rafael |
| 9 (RLIN) | 662 |
| 245 ## - TITLE STATEMENT | |
| Title | L'Apostolo sofferente e il suo Signore |
| Remainder of title | Le tribolazioni e la missione di Paolo |
| 260 ## - PUBLICATION, DISTRIBUTION, ETC. (IMPRINT) | |
| Name of publisher, distributor, etc. | SSP |
| Date of publication, distribution, etc. | ? |
| 300 ## - PHYSICAL DESCRIPTION | |
| Extent | 8 pp. |
| Dimensions | 21 cm |
| 520 ## - SUMMARY, ETC. | |
| Summary, etc. | Indice<br/><br/>Croce e ministero apostolico<br/>La "Epifania di Dio" nella vita e nella parola del missionario Paolo<br/>I momenti più drammatici della vita dell'Apostolo<br/>Conclusione<br/> |
| 942 ## - ADDED ENTRY ELEMENTS (KOHA) | |
| Source of classification or shelving scheme | Dewey Decimal Classification |
| Koha item type | VARIE |
| Withdrawn status | Lost status | Source of classification or shelving scheme | Damaged status | Not for loan | Home library | Current library | Date acquired | Total Checkouts | Full call number | Date last seen | Price effective from | Koha item type |
|---|---|---|---|---|---|---|---|---|---|---|---|---|
| Dewey Decimal Classification | Buone Condizioni | Not For Loan | PAULUS-BIBLIOTECA | PAULUS-BIBLIOTECA | 05/06/2013 | P D2 | 05/06/2013 | 05/06/2013 | VARIE |